Zwycięzcy La liga - Nagła Śmierć - Statystyki

Ogólne statystyki
  • Ten quiz został rozwiązany 114 razy
    26 od ostatniego zresetowania
  • Średni wynik to 7 z 9
Answers on the Grid
Answers color-coded by a green-red scale on the quiz's grid according to % correct below.
Barcelona
Deportivo la Coruna
Real Betis
Real Madryt
Girona FC
Real Oviedo
Atletico Madryt
Zaragoza
Sporting Gijon
Athletic Bilbao
Racing Santander
Las Palmas
Valencia
Real Sociedad
RCD Espanyol
Sevilla
Real Madrid Castilla
Cartagena
 
Statystyki odpowiedzi
Odpowiedź % Poprawnych
Barcelona
91%
Real Madryt
91%
Atletico Madryt
86%
Athletic Bilbao
73%
Sevilla
73%
Valencia
73%
Real Betis
59%
Real Sociedad
59%
Deportivo la Coruna
55%
Nie znaleziono quizów pasujących do podanych kryteriów
Rozkład punktacji
Procent ludzi z każdym wynikiem
Percentyl według liczby udzielonych odpowiedzi
Twoja historia wyników
Nie rozwiązałeś tego quizu od ostatniego zresetowania